| 000 | 01261cam a22003617a 4500 | ||
|---|---|---|---|
| 003 | CHAP | ||
| 005 | 20220817041723.0 | ||
| 008 | 971013s1960 r 00010 d | ||
| 010 | _a22539 | ||
| 011 | _a23511 | ||
| 035 | _a27607 | ||
| 040 | _cCHAP | ||
| 082 |
_a331.11 _bD82 |
||
| 100 | 0 | 0 |
_aDucoff, Louis J. _934371 |
| 245 | 1 | 4 | _aLos recursos humanos de Centroamérica, Panamá y México en 1950-1980 y sus relaciones con algunos aspectos del desarrollo económico |
| 260 |
_aMéxico, D.F. : _bCEPAL, _c1960 |
||
| 300 | _a159 p. | ||
| 590 |
_aBATCH-UPD _b10 _c20130110 _lUCH01 _h0221 |
||
| 590 |
_aBATCH-UPD _b10 _c20130110 _lUCH01 _h1025 |
||
| 590 |
_aBATCH-UPD _b10 _c20130409 _lUCH01 _h2242 |
||
| 590 |
_aBATCH-UPD _b10 _c20130410 _lUCH01 _h1039 |
||
| 590 |
_aBATCH-UPD _b10 _c20130914 _lUCH01 _h1149 |
||
| 590 |
_aCONVERSION _b10 _c20130109 _lUCH01 _h1313 |
||
| 650 | 1 | 4 | _aDesarrollo económico. |
| 650 | 1 | 4 |
_aPoblación _xMéxico. _989408 |
| 650 | 1 | 4 |
_aRecursos humanos. _995137 |
| 650 | 1 | 4 |
_aTrabajo _xOfertas de. _9114483 |
| 650 | 1 | 4 |
_aTrabajo _xOfertas de. _9114483 |
| 901 | _aBK | ||
| 942 | _cLIBRO | ||
| 949 |
_a331.11 D82 _bBC _cLIBRO _d33724000467825 _eC _fc.2 _h2597 _i27607 _mD _si |
||
| 949 |
_a331.11 D82 _bBC _cLIBRO _d33724000467833 _eC _h29028 _i27607 _mD _si |
||
| 999 |
_c22539 _d22539 |
||